Legend of Zelda Quiz on Stuff - Statistics

General Stats
  • This quiz has been taken 16 times
  • The average score is 11 of 15
Answer Stats
Hint Answer % Correct
Who is the princess of Hyrule? Zelda
100%
Who is the goddess of Hyrule? Hylia
93%
Who is the main character of The Legend of Zelda? Link
93%
Who is Zelda's caretaker? Impa
86%
What is the Legend of Zelda currency? Rupee
86%
Name the lightning Hyrule champion. Urbosa
86%
What is the most recent Legend of Zelda game? (As of November 2025) Echoes of Wisdom
79%
Who is Zelda's father in BOTW? King Rhoam
79%
Name the air divine beast. Vah Medoh
79%
Who is Link's fairy in Ocarina of Time Navi
71%
Who lives in the Skyward Sword? Fi
64%
What is the name of the spin off series of Legend of Zelda? Hyrule Warriors
57%
What can't Link do? Talk
57%
Who is the owner of Nintendo? (As of November 2025) Shigeru Miyamoto
29%
Is Link left or right-handed? It varies
0%
No matching quizzes found
Score Distribution
Percent of People with Each Score
Percentile by Number Answered
Your Score History
You have not taken this quiz